El error en los contratos.

Sparad:
Bibliografiska uppgifter
Huvudupphovsman: Morales Moreno, Antonio Manuel (autor)
Övriga upphovsmän: Maza Gazmuri, Iñigo de la (prólogo)
Materialtyp: Bok
Språk:spanska
Publicerad: Bogotá, Colombia: Astrea; Universidad Sergio Arboleda, 2017.
Serie:Colección Derecho Privado Contemporáneo.
Ämnen:
Taggar: Lägg till en tagg
Inga taggar, Lägg till första taggen!

MARC

LEADER 00000cam a2200000 a 4500
001 UCC1028
003 CL-VaPUC
005 20230322103428.0
008 170922e20170000ck |||||||||||||||||spa|d
999 |c 369624  |d 369622 
020 |a 978-958-8987-45-3 (impreso) 
040 |c Pontificia Universidad Católica de Valparaíso 
082 0 4 |a 346.02 MOR 2017  |2 21 
100 |a Morales Moreno, Antonio Manuel  |e autor  |9 595007 
245 1 3 |a El error en los contratos. 
260 |a Bogotá, Colombia:  |b Astrea;  |b Universidad Sergio Arboleda,   |c 2017. 
300 |a XXXI, 368 páginas.  
490 0 |a Colección Derecho Privado Contemporáneo. 
500 |a c.2 Donación Familia Prof. Alejandro Guzmán Brito. 
583 |a last modification  |c 20170922 16:51:00  |k Rodrigo Vera 
650 0 |a Contratos  |9 255153 
650 0 |a Derecho privado  |9 258243 
650 0 |a Responsabilidad contractual  |9 256720 
700 |a Maza Gazmuri, Iñigo de la  |e prólogo  |9 880876 
942 |c BK  |2 ddc  |n 0 
945 |d 20170922 16:51:00  |a dcastane 
952 |0 0  |1 0  |3 erb  |4 0  |6 346_020000000000000_MOR_2017  |7 0  |8 A  |9 485553  |a BIBDER  |b BIBDER  |i 5425441  |o 346.02 MOR 2017  |p 5425441  |r 2023-01-25  |w 2019-11-24  |y BK  |z Catalogado en:20170922  |k DER 
952 |0 0  |1 0  |2 ddc  |4 0  |6 346_020000000000000_MOR_2017  |7 1  |8 C_AGB  |9 581280  |a BIBDER  |b BIBDER  |d 2022-02-10  |e Donación   |i 564626K  |o 346.02 MOR 2017  |p 564626K  |r 2023-01-25  |t 2  |w 2022-02-10  |y BK_US  |k AGB